00529nam a2200193 a 4500001001300000003000900013005001700022008004100039020001100080082001700091100002400108245002900132260005400161300000800215500003500223505002700258650002600285700002400311nice12345678IN_TiNIC20260116011358.0050524s1959 rama grp 000 0 urd  ac0.7500a304.66bMAU1 aMaududi, S Abu Aala aIslam Awr Zabt-E-Wiladat aRampurbMarkazi Maktaba Jamat-E-Islami Hindc1959 a80p aincludes index and biblioraphy2 aPlus Some Other Tracts aFamily-Planning Islam1 aMaududi, S Abu Aala